| 000 | 00645nam a22002297a 4500 | ||
|---|---|---|---|
| 003 | UA-OsUOA | ||
| 001 | 48391 | ||
| 007 | ta | ||
| 008 | 20070905b un ||||| |||| 00| 0 ukr d | ||
| 100 | _aМаевская Т.П. | ||
| 090 |
_a82 _bМ13 |
||
| 942 | _cBK | ||
| 040 |
_aUA-OsUOA _brus _cUA-OsUOA _dUA-OsUOA |
||
| 245 | _aРоманитческие тенденции в русской прозе ХІХ века | ||
| 300 | _a234 с. | ||
| 955 | _a2 | ||
| 041 | _arus | ||
| 080 | _a82 | ||
| 260 |
_aК. _bНаукова думка _c1978 |
||
| 650 | 7 |
_a82 Література. Літературознавство _2UDC |
|
| 999 |
_c334494 _d334494 |
||